000 00468nam a2200181Ia 4500
001 14995
005 20260306164955.0
008 260306t2017||||xx |||||||||||||| ||spa||
041 _aESP
082 _a519.53
_bV41
100 _aVéliz Capuñay, Carlos
_eAUT
245 0 _aAnálisis multivariante:
_bmétodos estadísticos multivariantes para la investigación
260 _c2017
300 _a
_c
650 _aGEN
654 _aCMA
942 _cLIB
_dJUS
_fJUS
_2ddc
_n
999 _c14995
_d14995